RICS construction market survey United Kingdom (Record no. 108789)
[ view plain ]
| 000 -LEADER | |
|---|---|
| fixed length control field | 01716cad a22002415a 4500 |
| 001 - CONTROL NUMBER | |
| control field | L145432 |
| 008 - FIXED-LENGTH DATA ELEMENTS--GENERAL INFORMATION | |
| fixed length control field | 081008s2008 xxkd f s 000 0 eng d |
| 035 ## - SYSTEM CONTROL NUMBER | |
| System control number | (Sirsi) u145432 |
| 041 0# - LANGUAGE CODE | |
| Language code of text/sound track or separate title | eng |
| 050 04 - LIBRARY OF CONGRESS CALL NUMBER | |
| Classification number | 338.47624 $2 18 |
| 110 2# - MAIN ENTRY--CORPORATE NAME | |
| Corporate name or jurisdiction name as entry element | Royal Institution of Chartered Surveyors |
| Subordinate unit | Economics |
| 9 (RLIN) | 5033 |
| 245 00 - TITLE STATEMENT | |
| Title | RICS construction market survey United Kingdom |
| Remainder of title | third quarter 2008 |
| Medium | [electronic resource] |
| 260 ## - PUBLICATION, DISTRIBUTION, ETC. | |
| Place of publication, distribution, etc. | London |
| Name of publisher, distributor, etc. | RICS |
| Date of publication, distribution, etc. | 2008 |
| 490 #0 - SERIES STATEMENT | |
| Series statement | RICS Construction Market Survey United Kingdom |
| Volume/sequential designation | Third Quarter 2008 |
| 520 ## - SUMMARY, ETC. | |
| Summary, etc. | Reports that in the third quarter of 2008, construction workload growth declined, with 38% more chartered surveyors reporting a fall than a rise. 41% more chartered surveyors expect workloads to decrease. The government target to build two million new houses by 2016 seems hard to reach. The private housing sector workload continued to fall, with 60% more chartered surveyors reporting a fall than a rise. Large scale public projects also experience the effects of the credit crunch and may have to be delayed or reduced to obtain funding. Infrastructure starts to report difficulties. As to regional performances, London started to experience workload falls on the private commercial sector. The other regions recorded faster falls in commercial activity. Expectations in workload, employment and profit margins remain negative. |
| 521 2# - TARGET AUDIENCE NOTE | |
| Target audience note | Advanced |
| 590 ## - LOCAL NOTE (RLIN) | |
| Local note | KA |
| 650 24 - SUBJECT ADDED ENTRY--TOPICAL TERM | |
| Topical term or geographic name entry element | RICS CONSTRUCTION MARKET SURVEY UNITED KINGDOM |
| 651 #4 - SUBJECT ADDED ENTRY--GEOGRAPHIC NAME | |
| Geographic name | United Kingdom |
| Chronological subdivision | |
| 690 ## - LOCAL SUBJECT ADDED ENTRY--TOPICAL TERM (OCLC, RLIN) | |
| Topical term or geographic name as entry element | BUILT ENVIRONMENT-CONSTRUCTION MARKET |
| 856 40 - ELECTRONIC LOCATION AND ACCESS | |
| Uniform Resource Identifier | <a href="https://www.rics.org/site/scripts/download_info.aspx?downloadID=20&fileID=21">https://www.rics.org/site/scripts/download_info.aspx?downloadID=20&fileID=21</a> |
| Public note | View the survey free of charge at www.rics.org... |
| 942 ## - ADDED ENTRY ELEMENTS (KOHA) | |
| Suppress in OPAC | 0 |
| Withdrawn status | Lost status | Source of classification or shelving scheme | Damaged status | Not for loan | Home library | Current library | Shelving location | Date acquired | Total Checkouts | Full call number | Barcode | Date last seen | Copy number | Price effective from | Koha item type |
|---|---|---|---|---|---|---|---|---|---|---|---|---|---|---|---|
| Dewey Decimal Classification | Virtual | Virtual | Online | 08/10/2008 | ONLINE PUBLICATION | 145432-2001 | 06/08/2019 | 1 | 06/08/2019 | Book |